| 000 | 01087nam a2200337Ia 4500 | ||
|---|---|---|---|
| 001 | dia_319 | ||
| 003 | CHAP | ||
| 005 | 20221213120608.0 | ||
| 008 | 220117s1998 xx 000 0 und d | ||
| 010 | _a170872 | ||
| 020 | _a968-880-948-9 | ||
| 040 | _cCHAP | ||
| 082 | _a380.14 K68 1998 | ||
| 100 |
_aKotler, Philip _963789 |
||
| 245 |
_aFundamentos de mercadotecnia / _c Philip Kotler y Gary Armstrong ; traducción Guadalupe Meza Staines |
||
| 250 | _a4a ed. | ||
| 260 |
_aMéxico : _b Prentice-Hall, _c1998 |
||
| 300 | _a1 v. (en varias paginaciones) | ||
| 500 | _aTítulo original: Marketing: an introduction | ||
| 503 | _aI.194104 (ej.1) \ C/e (ej.2,3 y 4) | ||
| 504 | _aIncluye bibliografías | ||
| 590 | _aHF5415.3 K68 1998 | ||
| 650 |
_aMarketing _9148134 |
||
| 650 |
_aMercadotecnia _xAdministración _9148135 |
||
| 700 |
_aArmstrong, Gary, coaut. _9148136 |
||
| 700 |
_aMeza Staines, Guadalupe, tr. _9148137 |
||
| 901 | _a380.14 K68 1998 | ||
| 902 | _aM | ||
| 905 | _a5232271998 mx Aimn8222223322spa16 | ||
| 942 |
_cLIBRO _2ddc |
||
| 999 |
_c170872 _d170872 |
||